Energy systems design and operation : (Record no. 355294)
[ view plain ]
| 000 -LEADER | |
|---|---|
| fixed length control field | 02005nam a2200265 a 4500 |
| 001 - CONTROL NUMBER | |
| control field | ASIN007177291X |
| 003 - CONTROL NUMBER IDENTIFIER | |
| control field | Nust- CAS-E |
| 005 - DATE AND TIME OF LATEST TRANSACTION | |
| control field | 20180118181356.0 |
| 008 - FIXED-LENGTH DATA ELEMENTS--GENERAL INFORMATION | |
| fixed length control field | 140306s2012 xxu eng d |
| 020 ## - INTERNATIONAL STANDARD BOOK NUMBER | |
| International Standard Book Number | 007177291X |
| Terms of availability | $75.00 |
| 020 ## - INTERNATIONAL STANDARD BOOK NUMBER | |
| International Standard Book Number | 9780071772914 |
| 040 ## - CATALOGING SOURCE | |
| Transcribing agency | 0 |
| 050 04 - LIBRARY OF CONGRESS CALL NUMBER | |
| Classification number | TJ163.9 |
| 082 04 - DEWEY DECIMAL CLASSIFICATION NUMBER | |
| Classification number | 621.042 |
| Author Mark | TOS 2012 |
| 100 1# - MAIN ENTRY--PERSONAL NAME | |
| Personal name | Tostevin, G. Mark. |
| 245 10 - TITLE STATEMENT | |
| Title | Energy systems design and operation : |
| Remainder of title | a unified method / |
| Statement of responsibility, etc. | G. Mark Tostevin. |
| 250 ## - EDITION STATEMENT | |
| Edition statement | 1st ed. |
| 260 ## - PUBLICATION, DISTRIBUTION, ETC. | |
| Place of publication, distribution, etc. | [S.l.] : |
| Name of publisher, distributor, etc. | McGraw-Hill Professional, |
| Date of publication, distribution, etc. | 2012. |
| 300 ## - PHYSICAL DESCRIPTION | |
| Extent | 208 p. ; |
| Dimensions | 24 cm. |
| 520 ## - SUMMARY, ETC. | |
| Summary, etc. | Best practices for the design and operation of energy systems Written by a global expert with 50 years of experience in the field, Energy Systems Design and Operation presents a formal, unified, and universal method for conceiving, designing, and operating the most appropriate energy system in any given situation. This authoritative guide describes how to express the scientific, technical, and economic parameters of an energy system in universal terms, and then reliably conduct its engineering and evaluation in those terms. The book also includes the algorithm and functional specification of the computer program for the unified method, application techniques, and software examples with source code. Learn how to: Develop a plan for adopting a unified method for energy systems Gather and process required information Formalize a procedure for the conversion, exchange, and storage of energy Extend the formal procedure to a unified method for the concept, design, and operation of energy systems Meet requirements for computing with a unified method Use and benefit from a unified method with real-world demonstrations of energy system operation and design Simulate and optimize energy systems with the unified method. |
| 650 #0 - SUBJECT ADDED ENTRY--TOPICAL TERM | |
| Topical term or geographic name entry element | Power (Mechanics) |
| 650 #0 - SUBJECT ADDED ENTRY--TOPICAL TERM | |
| Topical term or geographic name entry element | Power resources |
| 856 40 - ELECTRONIC LOCATION AND ACCESS | |
| Materials specified | Amazon.com |
| Uniform Resource Identifier | <a href="http://www.amazon.com/exec/obidos/ASIN/007177291X/chopaconline-20">http://www.amazon.com/exec/obidos/ASIN/007177291X/chopaconline-20</a> |
| 942 ## - ADDED ENTRY ELEMENTS (KOHA) | |
| Source of classification or shelving scheme | |
| Koha item type | Book |
| Withdrawn status | Lost status | Source of classification or shelving scheme | Damaged status | Not for loan | Collection code | Permanent Location | Current Location | Shelving location | Date acquired | Source of acquisition | Total Checkouts | Total Renewals | Full call number | Barcode | Date last seen | Date last checked out | Cost, replacement price | Price effective from | Koha item type |
|---|---|---|---|---|---|---|---|---|---|---|---|---|---|---|---|---|---|---|---|
| US-Pakistan Center for Advanced Studies in Energy (USPCAS-E) | US-Pakistan Center for Advanced Studies in Energy (USPCAS-E) | General Stacks | 04/16/2013 | Victoria co | 1 | 1 | 621.042 TOS 2012 | CAS-E0000167 | 10/28/2016 | 10/28/2016 | 8441.00 | 03/06/2014 | Book |
